000 00887nam a2200241Ia 4500
003 OSt
005 20220923220637.0
006 a|||||r|||| 00| 0
007 ta
008 220922b |||||||| |||| 00| 0 hin d
024 _a188,297
037 _cTextual
040 _aARTS
_cARTS
_bhin
041 _2hin
_ahin
082 _aV56:2.N5, 152J1
100 _aरैमज़े म्योर
245 0 _aब्रिटेन का शासन, अनु मोहनलाल तथा सरला मोहनलाल
246 _aBriṭen kā shāsana, anu0 mohanalāl tathā saralā mohanalāla
260 _aइलाहाबाद
_b सेंन्ट्रल बुक डिपो
_c1951
650 _aविश्व-इतिहास
942 _hV56:2.N5, 152J1
_cTEXL
_2CC
999 _c341373
_d341373